000
00283nam a22001337a 4500
008
210302b ||||| |||| 00| 0 eng d
020
_a
9780521816007
041
_a
eng
080
_a
53
100
_a
43
101
_a
FIZ
245
_a
The new Physics
_c
Fraser ,G
942
_2
udc
_c
BK
999
_c
55477
_d
55477